Odčlenenie osobného a firemného majetku podnikateľa
Dôvody pre nutnosť odčlenenia súkromných a obchodných financií u podnikateľov. Súbor opatrení a krokov smerujúci k poisteniu sa proti riziku - hedging. Hedging slovenských privatizérov. Podnikanie z požičaného - financovanie firmy z cudzích peňazí.
Na minha lista:
| Autor principal: | |
|---|---|
| Formato: | Capítulo de Livro |
| Idioma: | eslovaco |
| Assuntos: | |
| Tags: |
Sem tags, seja o primeiro a adicionar uma tag!
|
MARC
| LEADER | 00000naa a2200000 4500 | ||
|---|---|---|---|
| 001 | r048193 | ||
| 005 | 20230927071312.4 | ||
| 041 | 0 | |a slo | |
| 044 | |a SK | ||
| 245 | 1 | 0 | |a Odčlenenie osobného a firemného majetku podnikateľa |c Emil Burák |
| 520 | |a Dôvody pre nutnosť odčlenenia súkromných a obchodných financií u podnikateľov. Súbor opatrení a krokov smerujúci k poisteniu sa proti riziku - hedging. Hedging slovenských privatizérov. Podnikanie z požičaného - financovanie firmy z cudzích peňazí. | ||
| 610 | 2 | 0 | |a firmy |
| 610 | 2 | 0 | |a financovanie |
| 610 | 2 | 0 | |a financovanie cudzie |
| 610 | 2 | 0 | |a privatizácia |
| 610 | 2 | 0 | |a hedging |
| 100 | 1 | |a Burák, Emil | |